Entrevista /
Bewaard in:
| Hoofdauteur: | |
|---|---|
| Andere auteurs: | |
| Formaat: | Texto |
| Onderwerpen: | |
| Tags: |
Voeg label toe
Geen labels, Wees de eerste die dit record labelt!
|
MARC
| LEADER | 00000 a a2200000 04500 | ||
|---|---|---|---|
| 001 | 18271 | ||
| 003 | |||
| 040 | |||
| 100 | |a Hobsbawm, Eric | ||
| 245 | |a Entrevista / |c Eric Hobsbawm ; entrevista por Walter Oppenheime | ||
| 500 | |a De: Página 12, Buenos Aires | ||
| 650 | |a GEOPOLITICA | ||
| 650 | |a GUERRA | ||
| 700 | |a Oppenheimer, Walter |e entrevistador | ||
| 773 | |g número 95; páginas 105-108 | ||
| 999 | |c 29241 |d 29241 | ||
